000 00419nam a2200181Ia 4500
001 2179
005 20260306143823.0
008 260306t1999||||xx |||||||||||||| ||spa||
041 _aESP
082 _a616.0019
_bL569
100 _aLown, Bernard
_eAUT
245 4 _aThe lost art of healing
260 _c1999
300 _axx, 344 páginas :
_c21 cm.
650 _aGEN
654 _aCPS
942 _cLIB
_dJUS
_fJUS
_2ddc
_n
999 _c2179
_d2179